Southville International School and Colleges
Your cart is empty.
  • Cart
  • Lists
    Public lists Eva Luna New books Lux_list list_1
    Your lists Log in to create your own lists
  • Log in to your account
  • Your cookies
  • Search history
Southville International School and Colleges
  • Advanced search
  • Recent comments
  • Most popular
  • Libraries

Log in to your account

Log in with GOOGLE


If you do not have an external account, but do have a local account, you can still log in:

  1. Home
  2. MARC view: Fun with shapes /
Normal view MARC view ISBD view

Fun with shapes / (Record no. 102390)

[ view plain ]
MARC details
000 -LEADER
fixed length control field 00600nam a2200205 a 4500
005 - DATE AND TIME OF LATEST TRANSACTION
control field 20140412111235.0
008 - FIXED-LENGTH DATA ELEMENTS--GENERAL INFORMATION
fixed length control field 001120s19uu xx 00 eng d
020 ## - INTERNATIONAL STANDARD BOOK NUMBER
International Standard Book Number 1-85270-020-3
050 ## - LIBRARY OF CONGRESS CALL NUMBER
Classification number TR(GS 372.7
Item number M46 1987
100 ## - MAIN ENTRY--PERSONAL NAME
Personal name Mertens, Ruth
245 ## - TITLE STATEMENT
Title Fun with shapes /
Statement of responsibility, etc Ruth Mertens ; illustrated by Simone Abel.
260 ## - PUBLICATION, DISTRIBUTION, ETC. (IMPRINT)
Place of publication, distribution, etc London :
Name of publisher, distributor, etc Octopus,
Date of publication, distribution, etc 1987.
300 ## - PHYSICAL DESCRIPTION
Extent 29 p. ; col. ; ill.
440 ## - SERIES STATEMENT/ADDED ENTRY--TITLE
Title The Parent and Child Programme
500 ## - GENERAL NOTE
General note Ages 5-6
650 ## - SUBJECT ADDED ENTRY--TOPICAL TERM
Topical term or geographic name as entry element Size and shape
650 ## - SUBJECT ADDED ENTRY--TOPICAL TERM
Topical term or geographic name as entry element Education -- Parent participation
650 ## - SUBJECT ADDED ENTRY--TOPICAL TERM
Topical term or geographic name as entry element Home and school
Holdings
Withdrawn status Lost status Damaged status Home library Current library Shelving location Date acquired Total Checkouts Full call number Barcode Date last seen Price effective from Koha item type
      Elizalde Library Elizalde Library Teachers Reference Section 11/20/2000   TR(GS 372.7 M46 1987 E1586 04/12/2014 04/12/2014 Books

Fun with shapes /

APA

Mertens R., . (1987). Fun with shapes. London: Octopus.

Chicago

Mertens Ruth, . 1987. Fun with shapes. London: Octopus.

Harvard

Mertens R., . (1987). Fun with shapes. London: Octopus.

MLA

Mertens Ruth, . Fun with shapes. London: Octopus. 1987.

  • Place hold
  • Print
  • Cite
  • Add to your cart (remove)
  • Save record
    BIBTEX Dublin Core MARCXML MARC (non-Unicode/MARC-8) MARC (Unicode/UTF-8) MARC (Unicode/UTF-8, Standard) MODS (XML) RIS
  • More searches
    Search for this title in:
    Other Libraries (WorldCat) Other Databases (Google Scholar) Online Stores (Bookfinder.com) Open Library (openlibrary.org)

Exporting to Dublin Core...

SOUTHVILLE LIBRARY

Southville International School and Colleges Library

1281 Tropical Ave. Cor. Luxembourg St., BF Homes International, Las Pinas City

Tel. No. 8256374 / 252358 Loc. 117/146

Powered by Koha